| 000 | 00720 a2200229 4500 | ||
|---|---|---|---|
| 005 | 20180825134313.0 | ||
| 008 | 080819t xxu||||| |||| 00| 0 eng d | ||
| 010 | _aENG-84741 | ||
| 020 |
_a0195678591 _c295.00 |
||
| 035 | _aEN-68274, A-722249, A-722249 | ||
| 037 | _bDBAD / PUB | ||
| 040 |
_adpl _bEnglish |
||
| 082 | _a921 | ||
| 100 | _aWolpert, Stanley A., | ||
| 245 |
_aJinnah of Pakistan _cStanley Wolpert. |
||
| 260 |
_aNew Delhi _bOxford University Press, _c2005. |
||
| 300 |
_axii, 421 p., [12] p. of plates _bill. _c22 cm. (Pbk) |
||
| 500 | _aIncludes index. | ||
| 600 | _aJinnah, Mahomed Ali, | ||
| 650 |
_aStatesmen _zPakistan _xBiography. |
||
| 942 |
_adpl _cEN _k921 / JIN _2ddc _h921 _m JIN |
||
| 999 |
_c205 _d205 |
||